<?xml version="1.0" encoding="UTF-8"?>
<record
    xmlns:xsi="http://www.w3.org/2001/XMLSchema-instance"
    xsi:schemaLocation="http://www.loc.gov/MARC21/slim http://www.loc.gov/standards/marcxml/schema/MARC21slim.xsd"
    xmlns="http://www.loc.gov/MARC21/slim">

  <leader>00890na  a2200265   4500</leader>
  <controlfield tag="001">16596</controlfield>
  <controlfield tag="003">MIRAKIL</controlfield>
  <controlfield tag="005">20181213154949.0</controlfield>
  <controlfield tag="008">161011b        tu            000 0      </controlfield>
  <datafield tag="040" ind1=" " ind2=" ">
    <subfield code="a">Milas</subfield>
    <subfield code="b">tur</subfield>
    <subfield code="c">TR-AnCHP</subfield>
  </datafield>
  <datafield tag="041" ind1=" " ind2=" ">
    <subfield code="a">tur</subfield>
    <subfield code="a">eng</subfield>
  </datafield>
  <datafield tag="082" ind1=" " ind2=" ">
    <subfield code="a">956.511</subfield>
    <subfield code="b">F67 2006</subfield>
  </datafield>
  <datafield tag="090" ind1=" " ind2=" ">
    <subfield code="a">956.511 F67 2006</subfield>
  </datafield>
  <datafield tag="245" ind1=" " ind2=" ">
    <subfield code="a">Foto&#x11F;raflarla d&#xFC;nden bug&#xFC;ne Ankara</subfield>
    <subfield code="b">= past and present by Ankara in photographs</subfield>
    <subfield code="c">yaz&#x131;m Tar&#x131;k Deniz ; &#xE7;eviri Mukaddes &#x130;n&#xF6;z&#xFC; Velipa&#x15F;ao&#x11F;lu, Robin Turner</subfield>
  </datafield>
  <datafield tag="246" ind1=" " ind2=" ">
    <subfield code="a">D&#xFC;nden bug&#xFC;ne Ankara</subfield>
  </datafield>
  <datafield tag="246" ind1=" " ind2=" ">
    <subfield code="a">Past and present by Ankara in photographs</subfield>
  </datafield>
  <datafield tag="260" ind1=" " ind2=" ">
    <subfield code="a">Ankara </subfield>
    <subfield code="b">Milli E&#x11F;itim Bakanl&#x131;&#x11F;&#x131;</subfield>
    <subfield code="c">2006</subfield>
  </datafield>
  <datafield tag="300" ind1=" " ind2=" ">
    <subfield code="a">84 s</subfield>
    <subfield code="b">fotg.</subfield>
    <subfield code="c">30 sm.</subfield>
  </datafield>
  <datafield tag="651" ind1=" " ind2=" ">
    <subfield code="a">Ankara</subfield>
    <subfield code="x">Tarih</subfield>
    <subfield code="y">Resimli yap&#x131;tlar</subfield>
  </datafield>
  <datafield tag="651" ind1=" " ind2=" ">
    <subfield code="a">Ankara</subfield>
    <subfield code="x">Foto&#x11F;raflar</subfield>
  </datafield>
  <datafield tag="700" ind1=" " ind2=" ">
    <subfield code="a">Turner, Robin</subfield>
  </datafield>
  <datafield tag="700" ind1=" " ind2=" ">
    <subfield code="a">Velipa&#x15F;ao&#x11F;lu, Mukaddes In&#xF6;z&#xFC;</subfield>
  </datafield>
  <datafield tag="700" ind1=" " ind2=" ">
    <subfield code="a">Deniz, Tar&#x131;k</subfield>
  </datafield>
  <datafield tag="942" ind1=" " ind2=" ">
    <subfield code="2">ddc</subfield>
    <subfield code="c">BKS</subfield>
  </datafield>
  <datafield tag="952" ind1=" " ind2=" ">
    <subfield code="a">0001</subfield>
    <subfield code="b">0001</subfield>
    <subfield code="d">2016-10-08</subfield>
    <subfield code="e">2</subfield>
    <subfield code="l">0</subfield>
    <subfield code="o">956.511 F67 2006</subfield>
    <subfield code="p">006579</subfield>
    <subfield code="r">2016-10-08 00:00:00</subfield>
    <subfield code="v">0.00</subfield>
    <subfield code="w">2016-10-08</subfield>
    <subfield code="y">BKS</subfield>
  </datafield>
  <datafield tag="999" ind1=" " ind2=" ">
    <subfield code="c">3977</subfield>
    <subfield code="d">3977</subfield>
  </datafield>
</record>
